Latinské názvy pádů podstatných jmen - Statistics

General Stats
  • This quiz has been taken 107 times
  • The average score is 5 of 7
Answer Stats
pád latinský název otázky % Correct
1. pád nominativ kdo? co?
89%
3. pád dativ komu? čemu?
87%
4. pád akuzativ koho? co?
84%
5. pád vokativ oslovujeme
82%
2. pád genitiv koho? čeho?
73%
6. pád lokál (lokativ) kom? čem?
66%
7. pád instrumentál kým? čím?
63%
No matching quizzes found
Score Distribution
Percent of People with Each Score
Percentile by Number Answered
Your Score History
You have not taken this quiz